Catalog

Record Details

Catalog Search



Available copies

  • 1 of 1 copy available at LARL/NWRL Consortium.
  • 1 of 1 copy available at Lake Agassiz Regional Library. (Show preferred library)

Current holds

0 current holds with 1 total copy.

Show Only Available Copies
Location Call Number / Copy Notes Barcode Shelving Location Status Due Date
Moorhead Public Library DVD 796.812 ROM (Text) 33500012593612 Main Available -

Record details

  • Physical Description: 1 videodisc (60 min.) : sound, color ; 4 3/4 in.
  • Publisher: Stamford, CT : WWE Home Video ; [2017]

Content descriptions

General Note:
Title from container.
Wide screen.
Summary, etc.:
For some, one versus all sounds like an unwinnable ... Read More
Target Audience Note:
Rating: TVPG.
System Details Note:
DVD.
Subject: Wrestling matches.
Genre: Televised sports events.
LDR 01836cgm a2200445Ii 4500
001265231
003LARL_NWRL_CONSORTIUM
00520171027141227.0
008171005s2017 ctu060 vleng d
007vd cvaizu
040 . ‡aTEFMT ‡beng ‡erda ‡cTEFMT ‡dTEF
0241 . ‡a651191956647
02842. ‡aWWE95664 ‡bWWE Home Video
035 . ‡a(OCoLC)1005369191
037 . ‡bMidwest Tape ‡nhttp://www.midwesttapes.com
08204. ‡a796.812 ‡223
24500. ‡aRoman Reigns : ‡biconic matches / ‡cWWE.
264 1. ‡aStamford, CT : ‡bWWE Home Video ; ‡aBurbank, CA : ‡bWarner Home Video, ‡c[2017]
300 . ‡a1 videodisc (60 min.) : ‡bsound, color ; ‡c4 3/4 in.
336 . ‡atwo-dimensional moving image ‡btdi ‡2rdacontent
337 . ‡avideo ‡bv ‡2rdamedia
338 . ‡avideodisc ‡bvd ‡2rdacarrier
344 . ‡adigital ‡boptical ‡hDolby Digital ‡2rda
346 . ‡bNTSC ‡2rda
347 . ‡avideo file ‡bDVD video ‡eregion 1 ‡2rda
380 . ‡aTelevised sports events. ‡2lcgft
538 . ‡aDVD.
500 . ‡aTitle from container.
500 . ‡aWide screen.
5218 . ‡aRating: TVPG.
520 . ‡aFor some, one versus all sounds like an unwinnable contest, a hellish punishment, or a never-ending nightmare. For Roman Reigns, it₂s just another day at the office. Since day one of his arrival in WWE, Roman Reigns has left broken bodies and shattered Superstars lying in wake. Now, relive five iconic matches from Roman Reigns₂ career that show why he is 'The Guy'.
650 0. ‡aWrestling matches. ‡0(LARL_NWRL_CONSORTIUM)39505
655 7. ‡aTelevised sports events. ‡2lcgft ‡0(LARL_NWRL_CONSORTIUM)175765
7001 . ‡aReigns, Roman.
7102 . ‡aWorld Wrestling Entertainment, Inc. ‡0(LARL_NWRL_CONSORTIUM)134237
7102 . ‡aWWE Home Video (Firm), ‡epublisher. ‡0(LARL_NWRL_CONSORTIUM)216573
7102 . ‡aWarner Home Video (Firm), ‡epublisher. ‡0(LARL_NWRL_CONSORTIUM)139520
901 . ‡a265231 ‡bOCoLC ‡c265231 ‡tbiblio ‡soclc

Additional Resources